MARC details
| 000 -CABECERA |
| campo de control de longitud fija |
01669nam a2200253 a 4500 |
| 001 - NÚMERO DE CONTROL |
| campo de control |
000004510 |
| 003 - IDENTIFICADOR DEL NÚMERO DE CONTROL |
| campo de control |
OSt |
| 005 - FECHA Y HORA DE LA ÚLTIMA TRANSACCIÓN |
| campo de control |
20260527074041.0 |
| 008 - DATOS DE LONGITUD FIJA--INFORMACIÓN GENERAL |
| campo de control de longitud fija |
090331s1988 dr 000 0 spa d |
| 040 ## - FUENTE DE LA CATALOGACIÓN |
| Centro catalogador/agencia de origen |
DO-SdBNP |
| Lengua de catalogación |
spa |
| Centro/agencia transcriptor |
BNPHU |
| 082 #4 - NÚMERO DE LA CLASIFICACIÓN DECIMAL DEWEY |
| Número de clasificación |
324.27293 |
| Número de documento/Ítem |
B742pa, 1998 |
| Número de edición |
22 |
| 100 1# - ENTRADA PRINCIPAL--NOMBRE DE PERSONA |
| Nombre de persona |
Bosch, Juan, |
| Fechas asociadas al nombre |
1909-2001 |
| 9 (RLIN) |
76555 |
| 245 13 - MENCIÓN DE TÍTULO |
| Título |
El partido : |
| Resto del título |
concepción, organización y desarrollo / |
| Mención de responsabilidad, etc. |
Juan Bosch. |
| 250 ## - MENCIÓN DE EDICIÓN |
| Mención de edición |
3a. ed . |
| 260 ## - PUBLICACIÓN, DISTRIBUCIÓN, ETC. |
| Lugar de publicación, distribución, etc. |
Santo Domingo : |
| Nombre del editor, distribuidor, etc. |
Alfa & Omega, |
| Fecha de publicación, distribución, etc. |
1988. |
| 300 ## - DESCRIPCIÓN FÍSICA |
| Extensión |
ii, 253 p. ; |
| Dimensiones |
21 cm. |
| 505 0# - NOTA DE CONTENIDO CON FORMATO |
| Título |
Palabras de explicación -- |
| -- |
Análisis del partido -- |
| -- |
Significado de la dialéctica -- |
| -- |
Sobre el partido -- |
| -- |
Las alianzas entre partidos -- |
| -- |
Para los círculos -- |
| -- |
La consulta a las bases del PLD -- |
| -- |
El segundo paso -- |
| -- |
El PLD y las elecciones -- |
| -- |
El primer congreso elector nacional -- |
| -- |
Por qué vamos -- |
| -- |
Discurso en el primer congreso -- |
| -- |
Los métodos de trabajo -- |
| -- |
Los métodos de trabajo del PLD -- |
| -- |
Base teórica de los métodos de trabajo -- |
| -- |
La crisis del PLD -- |
| -- |
Aprendamos a desconfiar -- |
| -- |
Razones que tiene el PLD para ir a las elecciones -- |
| -- |
Hay que tener cuidado con el populismo -- |
| -- |
Los resultados de las elecciones -- |
| -- |
¿Qué ganó el PLD en las elecciones? -- |
| -- |
Lenin aplicó un programa de derechas -- |
| -- |
Lenin, el programa y la táctica -- |
| -- |
El periódico y el partido -- |
| -- |
La venta de vanguardia -- |
| -- |
El periódico del partido. |
| 590 ## - NOTA LOCAL (RLIN) |
| Nota local |
Inventariado, 2019/MFF |
| 610 24 - PUNTO DE ACCESO ADICIONAL DE MATERIA--NOMBRE DE ENTIDAD CORPORATIVA |
| Nombre de entidad corporativa o nombre de jurisdicción como elemento de entrada |
Partido de la Liberación Dominicana |
| 9 (RLIN) |
284 |
| 650 #0 - PUNTO DE ACCESO ADICIONAL DE MATERIA--TÉRMINO DE MATERIA |
| Término de materia o nombre geográfico como elemento de entrada |
Partidos políticos |
| Subdivisión geográfica |
República Dominicana |
| 9 (RLIN) |
285 |
| 650 #4 - PUNTO DE ACCESO ADICIONAL DE MATERIA--TÉRMINO DE MATERIA |
| Término de materia o nombre geográfico como elemento de entrada |
República Dominicana |
| Subdivisión general |
Política y gobierno |
| 9 (RLIN) |
2488 |
| 910 ## - DATOS DE OPCIÓN DEL USUARIO (OCLC) |
| Datos de opción del usuario |
Validado. Control de calidad MMOLINA |
| 942 ## - ELEMENTOS DE PUNTO DE ACCESO ADICIONAL (KOHA) |
| Fuente del sistema de clasificación o colocación |
Dewey Decimal Classification |
| Tipo de ítem Koha |
Libro |